| 000 | 00855nam a2200229 u 4500 | ||
|---|---|---|---|
| 001 | 000799007 | ||
| 003 | AM-YeHGA | ||
| 005 | 20250617144250.0 | ||
| 008 | 110328s2011 ai r 000 0 arm d | ||
| 020 | _a9789939903323 | ||
| 040 | _aAM-YeHGA | ||
| 041 | 0 | _aarm | |
| 100 | 1 | _aՆազարյան, Արամ Սրապիոնի | |
| 245 | 1 | 0 |
_aՀայ կամավորական շարժումը 1914-1916 թվականներին և հայ յեղափոխական դաշնակցությունը / _cԱրամ Նազարյան. |
| 260 |
_aԵրևան : _bՀայ Դատ, _c2011. |
||
| 300 |
_a64 էջ : _bնկ. |
||
| 440 | 0 |
_a"Հայ Դատ" մատենաշար _v2 |
|
| 650 | 1 | 4 | _aՀայոց պատմություն |
| 650 | 1 | 4 | _aՀայ կամավորական շարժում |
| 650 | 1 | 4 | _aՀայ Հեղափոխական Դաշնակցություն |
| 090 | _c292610 | ||
| 999 |
_c290931 _d290931 |
||